000 00929nam a22002057a 4500
005 20230426124708.0
008 230208b sp ||||| |||| 00| 0 spa d
020 _a8472488756
050 0 4 _aKKT3482.A67
_bR44 2002
111 1 _aSeminario de Comunicación local organizado por la Universidad Carlos III yla fundación Pi i Sunjer
245 0 3 _aEl régimen jurídico de la comunicación local
_c / Tomás de la Quadra-Salcedo coordinador ; autores Tomás Font I Llovet,...[et al].
250 _a1a ed.
260 _aMadrid :
_bMarcial Pons ;
_bEdiciones Jurídicas y Sociales.
_c2002
300 _a234 p. ;
_c21 cm.
504 _aIncluye bibliografía
650 7 _2lemb
_aMedios de comunicación de masas
_vCongresos y conferencias
_xLegislación
_zEspaña
650 4 _aMedios de comunicación masiva
_vCongresos y conferencias
_xLegislación
_zEspaña
700 1 _aQuadra Salcedo, Tomás de la,
_ecoordinador
942 _2lcc
_cLIB
999 _c34577
_d34577